书目信息 |
| 题名: |
思想工作心理学
|
|
| 作者: | 陈继安 著 | |
| 分册: | ||
| 出版信息: | 北京 中国青年出版社 1986 |
|
| 页数: | 356页 | |
| 开本: | 19cm | |
| 丛书名: | ||
| 单 册: | ||
| 中图分类: | D64 , B84 | |
| 科图分类: | ||
| 主题词: | 政治工作-应用心理学 , 应用心理学-政治工作 , 心理学 | |
| 电子资源: | ||
| ISBN: | ||
| 000 | 00666nam0 2200265 45 | |
| 001 | 1255759572 | |
| 005 | 20120928153203.43 | |
| 010 | @dCNY2.30 | |
| 091 | @aCN@b3009.263 | |
| 100 | @a19900802d1986 emky0chiy0121 ea | |
| 101 | 0 | @achi |
| 102 | @aCN@b110000 | |
| 105 | @ay z 000yy | |
| 200 | 10 | @a思想工作心理学@Asi xiang gong zuo xin li xue@f陈继安著 |
| 210 | @a北京@c中国青年出版社@d1986 | |
| 215 | @a356页@d19cm | |
| 606 | 0 | @a政治工作-应用心理学 |
| 606 | 0 | @a应用心理学-政治工作 |
| 606 | 0 | @a心理学 |
| 690 | @aD64@v3 | |
| 690 | @aB84@v4 | |
| 701 | 0 | @a陈继安@Achen ji an@4著 |
| 801 | 0 | @aCN@bTSSF |
| 801 | 2 | @aCN@bNLC |
| 905 | @a10447@dB84@eJY65 | |
| 思想工作心理学/陈继安著.-北京:中国青年出版社,1986 |
| 356页;19cm |
| ISBN :CNY2.30 |
| ● |
| 相关链接 |
|
|
|
|
正题名:思想工作心理学
索取号:B84/JY65
 
预约/预借
| 序号 | 登录号 | 条形码 | 馆藏地/架位号 | 状态 | 备注 |
| 1 | 7830225 | 278302258 | 学院路分馆/ [索取号:B84/JY65] | 在馆 | |
| 2 | 7830226 | 278302267 | 学院路分馆/ [索取号:B84/JY65] | 在馆 | |
| 3 | 7830227 | 278302276 | 学院路分馆/ [索取号:B84/JY65] | 在馆 | |
| 4 | 7830228 | 278302285 | 学院路分馆/ [索取号:B84/JY65] | 在馆 |